000 00333nam a2200133Ia 4500
008 240624s9999 xx 000 0 und d
041 _aeng
082 _a920 SAL
100 _aSALWI DILIP M
245 _aS CHANDRASEKHAR THE SCHOLAR SCIENTIST
260 _c2004
_aNew Delhi
_bRupa and Company
300 _a82 : p.
365 _cRS
_b25
999 _c17624
_d17624